Normal view
MARC view
- Gómez Castro, José Luis
Entry Nombre Personal
001 - NUMERO DE CONTROL
- campo de control: 32044
003 - IDENTIFICADOR DE NUMERO DE CONTROL
- campo de control: UPN
005 - FECHA Y HORA DE LA ÜLTIMA TRANSACCIÓN
- campo de control: 20210219194429.0
008 - DATOS DE LONGITUD FIJA
- campo de control de longitud fija: nabaccnnaabn|||||||||| b |nc|||||d
035 ## - NUMERO DE CONTROL
- Número de control: UPN11000004150
040 ## - FUENTE DE CATALOGACIÓN
- Lenguaje de catalogación: SPA
- Agencia de transcripción: UPN
100 1# - ENCABEZAMIENTO - NOMBRE PERSONAL
- Nombre personal: Gómez Castro, José Luis
670 ## - FUENTE EN LA QUE SE LOCALIZARON DATOS
- Cita de la fuente: T
- Información localizada: Gestión académica de los alumnos con necesidades educativas especiales (educación infantil, primaria, ESO, bachillerato y formación profesional específica)
902 ## - CATALOGADOR
- Catalogador: CAA/260412
